00876nam a2200229 a 450000100060000000300080000600500170001400800410003103500190007204000350009104100080012608200260013410000220016024501230018226000800030530000380038550200860042350400340050965000340054370000320057770000370060980685BD-RjUL20230327104756.0221101s2010 bg a|||| m||| 00| 0 eng d a(BD-RjUL)80685 aBD-RjULbengcBD-RjULdBD-RjUL aeng a595.752bASI 2010223 aAshraf, S. M. Ali01aIpm of Aphid Pests on Winter Crops /cS. M. Ali Ashraf ;6Supervisor : Md. Sohrab Ali, Supervisor : Bidhan Chandra Das aRajshahi :bInstitute of Biologocal Sciences, University of Rajshahi,c2010 axiv, 157 Leaves :bill, ;c29 cm. aThesis (Ph. D.) -- Institute of Biologocal Sciences, University of Rajshahi, 2010 aReferences : Leaves [114]-157 aArthropoda vPestsxHomoptera aAli, Md. Sohrab,Supervison  aDas, Bidhan Chandra, Supervison